Комментарий к Конституции Российской Федерации

Podrobná bibliografie
Další autoři: Окуньков Л. О
Jazyk:ruština
Vydáno: Москва, Бек, 1994
Vydání:1-е изд.
Témata:
Médium: Kniha
KOHA link:https://koha.lib.tpu.ru/cgi-bin/koha/opac-detail.pl?biblionumber=28546

MARC

LEADER 00000nam0a2200000 4500
001 28546
005 20231030202856.0
010 |a 58566390954 
035 |a (RuTPU)RU\TPU\book\28802 
035 |a BOOK00000527 
090 |a 28546 
100 |a 20011209d1994 u a0rusy50 ca 
101 0 |a rus 
102 |a RU 
105 |a  l 000|y 
200 1 |a Комментарий к Конституции Российской Федерации  |f Под ред. Л. О. Окунькова 
205 |a 1-е изд. 
210 |a Москва  |c Бек  |d 1994 
215 |a 458 с. 
610 1 |a право 
610 1 |a Конституция 
610 1 |a Россия 
610 1 |a Российская Федерация 
610 1 |a комментарии 
686 |a Х620.12  |v LBC/SL-A  |2 rubbk 
702 1 |a Окуньков  |b Л. О 
801 0 |a RU  |b 63413507  |c 20011209  |g PSBO 
801 2 |a RU  |b 63413507  |c 20091124  |g RCR 
942 |c BK